000 00864nam a2200229Ia 4500
003 GCL
005 20240530102655.0
008 140319s9999 xx 000 0 ara d
040 _aGCL /
_cGCL
082 0 4 _a301.543
_bب ط
100 1 _aبيير داركو
245 1 0 _aالطباع الانسانية والتربية /
_cتاليف بيير داركو ؛ ترجمة رعد اسكندر، اركان بيثون
260 _a[S.N] :
_bمكتبة التراث الاسلامى
300 _a62 ص. ؛
_c16 سم.
490 0 _aالانتصارات المذهلة لعلم النفس الحديث.
650 0 4 _aعلم النفس
650 0 4 _aعلم النفس التربوى
650 0 4 _aعلم النفس الاجتماعى
700 0 _aرعد اسكندر
_eمترجم
700 0 _aاركان بيثون
_eمترجم مشارك
942 _2ddc
_cBK
999 _c33916
_d33916